| 000 | 01017nac a22002897a 4500 | ||
|---|---|---|---|
| 001 | BR9606033 | ||
| 003 | BR-BrBNA | ||
| 005 | 20240105121738.0 | ||
| 008 | 230509b bl.|||m| |||| 00| 0 por d | ||
| 040 |
_aBR-BrBNA _bpor _cBiblioteca Nacional de Agricultura |
||
| 072 | _aH20; P33 | ||
| 090 | _a1540 BR9606033 | ||
| 100 | 1 | _aSousa, L.D. | |
| 100 | 1 | _aFukuda, C. | |
| 100 | 1 | _aMattos, P.L.P. de | |
| 110 | 1 | _aCentro Nacional de Pesquisa de Mandioca e Fruticultura Tropical, Cruz das Almas, BA (Brasil) | |
| 245 | 1 |
_aO fator solo na ocorrencia da podridao radicular da mandioca nos "tabuleiros" costeiros do nordeste do Brasil _r19 p. _n(Pt) |
|
| 250 | 1 | _a1995 | |
| 490 |
_aBoletim de Pesquisa - Centro Nacional de Pesquisa de Mandioca e Fruticultura Tropical (Brazil) _vno. 12 _x |
||
| 650 | _aMandioca | ||
| 650 | _aPodridao Radicular | ||
| 650 | _aFisica do Solo | ||
| 650 | _aQuimica do Solo | ||
| 650 | _aRegiao Nordeste | ||
| 909 |
_a202312 _bLúcia Elande _c55 _dLúcia Elande |
||
| 942 |
_2AGRIS _n0 _cMS |
||
| 999 |
_c287188 _d287188 |
||